| 000 | 00445nam a2200133 4500 | ||
|---|---|---|---|
| 999 |
_c9093 _d9093 |
||
| 008 | 180410b ||||| |||| 00| 0 eng d | ||
| 082 | _aDPer 050 Dec 2015-Mar 2016 T48 v186-187 | ||
| 100 |
_927247 _aKadlec, Dan. |
||
| 245 |
_aSo how am i going to pay for it/ _cDan Kadlec. |
||
| 260 |
_aNew York: _bTime Inc., _c©Dec 2015-Mar 2016. |
||
| 300 |
_av187 n6-7, pages 70-79: _billustrations; _c27 cm. |
||
| 650 | 0 |
_927248 _aDebt. |
|
| 942 |
_2ddc _cPER |
||